000 00421pab a2200157 454500
008 180718b2011 xxu||||| |||| 00| 0 eng d
100 _aWolff, Kristina B.
245 _aPanic in the ER: Maternal drug use, the right to bodily integrity, privacy, and informed consent
260 _c2011
300 _ap.679-714.
362 _aOct
650 _aDrugs
773 _aPolitics and Policy
908 _aN
909 _a95509
999 _c95509
_d95509